000
00211nam a22000857a 4500
008
161215b xxu||||| |||| 00| 0 eng d
100
_9
2058
_a
Verlag.M.H
245
_a
Lernziel Deutch
260
_b
Nax hneber verlag
_c
1983
999
_c
4930
_d
4930